[Event "7th EuropCh Men"]
[Site "Kusadasi / Turkey"]
[Date "2006.04.08"]
[Round "5"]
[White "Esen, Baris"]
[Black "Winants, Luc"]
[Result "1-0"]
[WhiteElo "2420"]
[BlackElo "2530"]
[PlyCount "81"]
[EventDate "2006.04.04"]
[EventRounds "11"]
[EventCountry "AUT"]

1. d4 Nf6 2. c4 e6 3. Nf3 b6 4. a3 Ba6 5. Qc2 c5 6. d5 exd5 7. cxd5 g6 8. Nc3
Bg7 9. g3 O-O 10. Bg2 d6 11. O-O b5 12. b4 Nbd7 13. Bf4 Qb6 14. bxc5 Nxc5 15.
Nd4 Na4 16. Rad1 Nxc3 17. Qxc3 Rac8 18. Qb3 Rc4 19. Nc6 Qc7 20. Rc1 Nd7 21.
Rxc4 bxc4 22. Qb4 Ne5 23. Rb1 c3 24. Qxc3 Nd3 25. Qd2 Nxf4 26. gxf4 Qd7 27. e3
Bc8 28. Qa5 a6 29. Rb6 h6 30. Qb4 Qc7 31. a4 g5 32. a5 Kh8 33. Qe4 Bf6 34. fxg5
hxg5 35. Qf3 Kg7 36. Bh3 Rh8 37. Bxc8 Rxc8 38. Rxa6 Rh8 39. Ra7 Qc8 40. Nd4 g4
41. Qf4 1-0

[Event "7th EuropCh Men"]
[Site "Kusadasi / Turkey"]
[Date "2006.04.08"]
[Round "5"]
[White "Jankovic, Alojzije"]
[Black "Weiss, Christian"]
[Result "0-1"]
[WhiteElo "2516"]
[BlackElo "2437"]
[PlyCount "64"]
[EventDate "2006.04.04"]
[EventRounds "11"]
[EventCountry "AUT"]

1. d4 d5 2. c4 c6 3. Nf3 Nf6 4. Nc3 a6 5. e3 e6 6. Qc2 Nbd7 7. b3 Bd6 8. Bd3
O-O 9. O-O dxc4 10. bxc4 c5 11. Bb2 Qc7 12. d5 e5 13. a4 g6 14. e4 Nh5 15. g3
Ndf6 16. Kg2 Ne8 17. Ne2 Neg7 18. Bc3 Bd7 19. Qb2 Rae8 20. Rab1 Bc8 21. Qb6 Qe7
22. Nd2 f5 23. f3 Nf6 24. Rbe1 f4 25. Nxf4 Nd7 26. Nxg6 hxg6 27. Qb2 Nh5 28. f4
exf4 29. e5 fxg3 30. Bxg6 Rf2+ 31. Kg1 Qh4 32. Nf3 gxh2+ 0-1

[Event "7th EuropCh Men"]
[Site "Kusadasi / Turkey"]
[Date "2006.04.08"]
[Round "5"]
[White "Narciso Dublan, Marc"]
[Black "Guliev, Logman"]
[Result "1-0"]
[WhiteElo "2510"]
[BlackElo "2384"]
[PlyCount "79"]
[EventDate "2006.04.04"]
[EventRounds "11"]
[EventCountry "AUT"]

1. d4 Nf6 2. c4 e6 3. Nc3 Bb4 4. Qc2 O-O 5. a3 Bxc3+ 6. Qxc3 b6 7. Bg5 Bb7 8.
e3 d6 9. Ne2 Nbd7 10. Qd3 e5 11. Nc3 exd4 12. Qxd4 h6 13. Bh4 Re8 14. f3 Ne5
15. O-O-O Re6 16. e4 c5 17. Qf2 Nc6 18. Bd3 a6 19. g4 b5 20. cxb5 axb5 21. Bxb5
Ne5 22. Bg3 Qc7 23. Bxe5 dxe5 24. Bc4 Rb6 25. Rhg1 Nh7 26. h4 Nf8 27. Rd2 Rb8
28. Rgd1 Qe7 29. Qg3 Bc6 30. g5 Bb7 31. Nb5 Ba6 32. a4 Bxb5 33. axb5 Ra8 34.
Rd5 Ra4 35. b3 Ra2 36. Qxe5 Qa7 37. Rd8 Kh7 38. Rxf8 Qa3+ 39. Kb1 Rg2 40. Qa1
1-0

[Event "7th EuropCh Men"]
[Site "Kusadasi / Turkey"]
[Date "2006.04.08"]
[Round "5"]
[White "Shanava, Konstantine"]
[Black "Delchev, Aleksander"]
[Result "1-0"]
[WhiteElo "2484"]
[BlackElo "2640"]
[PlyCount "153"]
[EventDate "2006.04.04"]
[EventRounds "11"]
[EventCountry "AUT"]

1. e4 c5 2. Nf3 d6 3. d4 cxd4 4. Nxd4 Nf6 5. Nc3 Nc6 6. Bc4 Qb6 7. Nb3 e6 8.
Be3 Qc7 9. Bd3 a6 10. f4 b5 11. Qf3 Bb7 12. O-O Be7 13. Qh3 O-O 14. Kh1 Nb4 15.
a3 Nxd3 16. cxd3 Nd7 17. Nd4 Nc5 18. Rad1 Bf6 19. Nf3 Na4 20. Nxa4 bxa4 21. Rd2
e5 22. Rdf2 Rad8 23. Qh5 exf4 24. Bxf4 Qc5 25. Qg4 Bc8 26. Qg3 Be6 27. Bd2 Qh5
28. Bg5 Bxg5 29. Nxg5 Bb3 30. Rf5 Qg6 31. Qe3 d5 32. e5 h6 33. Nh3 d4 34. Qf2
Rfe8 35. Qh4 Rd7 36. R5f3 Rxe5 37. Rg3 Rf5 38. Rxf5 Qxf5 39. Qxh6 Qf1+ 40. Ng1
f6 41. Qh5 Qe1 42. Rh3 Rd5 43. Qh7+ Kf7 44. Rg3 Rg5 45. Rxg5 fxg5 46. Qf5+ Kg8
47. Qxg5 Qf2 48. h3 Qxb2 49. Qd8+ Kh7 50. Qh4+ Kg8 51. Qd8+ Kh7 52. Qh4+ Kg8
53. Qe7 Qc1 54. Kh2 Qf4+ 55. Kh1 Qc1 56. Qd6 Bd1 57. Qd8+ Kf7 58. Qd7+ Kf8 59.
Qf5+ Ke8 60. Qe6+ Kf8 61. Qe1 a5 62. Nf3 Qc2 63. Ne5 Bh5 64. Qh4 Qe2 65. Qd8+
Be8 66. Qd6+ Kg8 67. Qxd4 Qf1+ 68. Kh2 Qf8 69. Nc4 Bc6 70. Qd6 Qxd6+ 71. Nxd6
Kf8 72. Nf5 Kf7 73. d4 Kf6 74. Ne3 g5 75. Kg3 Be4 76. h4 gxh4+ 77. Kxh4 1-0

[Event "7th EuropCh Men"]
[Site "Kusadasi / Turkey"]
[Date "2006.04.08"]
[Round "5"]
[White "Sakaev, Konstantin"]
[Black "Lopez Martinez, Josep Manuel"]
[Result "1/2-1/2"]
[WhiteElo "2637"]
[BlackElo "2481"]
[PlyCount "148"]
[EventDate "2006.04.04"]
[EventRounds "11"]
[EventCountry "AUT"]

1. d4 Nf6 2. Nf3 e6 3. c4 Bb4+ 4. Bd2 a5 5. g3 d6 6. Bg2 Nbd7 7. O-O e5 8. e3
Bxd2 9. Qxd2 O-O 10. Nc3 c6 11. e4 a4 12. Nh4 Qb6 13. Ne2 g6 14. Kh1 Re8 15. f3
Qa5 16. Qc1 Qa6 17. Re1 c5 18. d5 b5 19. Nc3 bxc4 20. a3 Qa5 21. Re2 Rb8 22.
Rf2 Ba6 23. Bf1 Bc8 24. Be2 Nb6 25. Ng2 Qa7 26. Ne3 Ba6 27. Qd2 Qe7 28. Raf1
Bc8 29. Bd1 Bh3 30. Rg1 Bd7 31. Bc2 Rf8 32. f4 Ne8 33. f5 f6 34. h4 Qg7 35. g4
g5 36. Rh2 h6 37. Rg3 Kf7 38. Rgh3 Rh8 39. hxg5 fxg5 40. Ne2 Nf6 41. Ng3 Qf8
42. Nh5 Ra8 43. Nxf6 Kxf6 44. Kg1 Be8 45. Bd1 Ra7 46. Kf2 Bb5 47. Qe1 Be8 48.
Qh1 Rah7 49. Be2 Bb5 50. Nf1 Qg7 51. Ng3 Qf8 52. Qe1 Qa8 53. Qc3 Qa6 54. Ke1
Kg7 55. f6+ Kg6 56. Nf5 Nd7 57. f7 Kxf7 58. Nxh6+ Ke8 59. Nf5 Rxh3 60. Rxh3
Rxh3 61. Qxh3 Kd8 62. Ng7 Qa5+ 63. Kf2 Nf6 64. Qh8+ Ne8 65. Qf8 Qb6 66. Ne6+
Kc8 67. Nxg5 Qd8 68. Ne6 Qh4+ 69. Kg2 Qe1 70. Kf3 Qh1+ 71. Kg3 Qg1+ 72. Kf3
Qh1+ 73. Kg3 Qg1+ 74. Kf3 Qh1+ 1/2-1/2

[Event "7th EuropCh Men"]
[Site "Kusadasi / Turkey"]
[Date "2006.04.08"]
[Round "5"]
[White "Kosintseva, Nadezhda"]
[Black "Van Den Doel, Erik"]
[Result "1/2-1/2"]
[WhiteElo "2469"]
[BlackElo "2579"]
[PlyCount "146"]
[EventDate "2006.04.04"]
[EventRounds "11"]
[EventCountry "AUT"]

1. e4 e5 2. Nf3 Nc6 3. Bb5 a6 4. Ba4 Nf6 5. O-O Be7 6. Re1 b5 7. Bb3 O-O 8. d4
d6 9. c3 Bg4 10. Be3 exd4 11. cxd4 Na5 12. Bc2 c5 13. h3 Bxf3 14. Qxf3 cxd4 15.
Bxd4 Rc8 16. Qd1 Nd7 17. Nc3 Bf6 18. Re2 Be5 19. Bxe5 dxe5 20. Rd2 Rc7 21. Nd5
Rb7 22. Ne3 Qc7 23. Rc1 Nf6 24. Bb1 Qb8 25. b3 Rb6 26. Qf3 g6 27. Kh2 Rd6 28.
Rcd1 Re6 29. Nd5 Kg7 30. Nb4 Nc6 31. Nxc6 Rxc6 32. b4 Rfc8 33. a3 Rc3 34. Rd3
Rxd3 35. Rxd3 Rc4 36. Rc3 Qc7 37. Rxc4 Qxc4 38. Qd3 Qc1 39. Bc2 h5 40. Bb1 Qe1
41. Qc2 h4 42. Qb2 Qd1 43. Qc2 Qd4 44. Qe2 Qa1 45. Qd3 Qb2 46. Bc2 Nh5 47. Qb3
Qc1 48. Qc3 Qf4+ 49. Kg1 Qg5 50. Bb3 Nf4 51. Qf3 Qd8 52. Qe3 Qd6 53. Kh2 Qd4
54. Qxd4 exd4 55. Kg1 Kf6 56. Kf1 g5 57. g3 Nd3 58. Bd5 Nb2 59. Ke2 Ke5 60.
Bxf7 Kxe4 61. Bg6+ Ke5 62. gxh4 gxh4 63. Bc2 Kd5 64. Bb3+ Ke4 65. Kd2 Kf3 66.
Kc2 Nc4 67. Kd3 Nxa3 68. Kxd4 Kxf2 69. Be6 Kg3 70. Bc8 Kg2 71. Kc3 Nc4 72. Bxa6
Kxh3 73. Bxb5 Nd6 1/2-1/2

[Event "7th EuropCh Men"]
[Site "Kusadasi / Turkey"]
[Date "2006.04.08"]
[Round "5"]
[White "Saric, Ante"]
[Black "Agrest, Evgenij"]
[Result "0-1"]
[WhiteElo "2474"]
[BlackElo "2570"]
[PlyCount "90"]
[EventDate "2006.04.04"]
[EventRounds "11"]
[EventCountry "AUT"]

1. Nf3 d6 2. d4 g6 3. c4 Bg7 4. Nc3 Bg4 5. e3 c5 6. d5 Nf6 7. h3 Bxf3 8. Qxf3
O-O 9. Bd3 Nbd7 10. O-O Ne5 11. Qd1 e6 12. e4 exd5 13. exd5 Nxd3 14. Qxd3 Qd7
15. Bd2 a6 16. Rab1 Rfc8 17. b4 b5 18. Rfe1 bxc4 19. Qxc4 Qf5 20. b5 axb5 21.
Rxb5 Re8 22. Rbb1 Qc2 23. Be3 Nd7 24. Rec1 Qf5 25. Nb5 Ne5 26. Qe2 Red8 27. Rd1
Qe4 28. Rb3 Qc4 29. Qd2 Qa4 30. Bg5 f6 31. Nc3 Qa6 32. Bh6 Bh8 33. Rdb1 Qd3 34.
Qxd3 Nxd3 35. Rb7 f5 36. Nb5 c4 37. Nc7 Rac8 38. Ne6 Re8 39. Bg7 c3 40. Bxh8 c2
41. Bf6 cxb1=Q+ 42. Rxb1 Rc1+ 43. Rxc1 Nxc1 44. a3 Kf7 45. Bh4 Ra8 0-1

[Event "7th EuropCh Men"]
[Site "Kusadasi / Turkey"]
[Date "2006.04.08"]
[Round "5"]
[White "Erenburg, Sergey"]
[Black "Kovacevic, Blazimir"]
[Result "1/2-1/2"]
[WhiteElo "2554"]
[BlackElo "2468"]
[PlyCount "61"]
[EventDate "2006.04.04"]
[EventRounds "11"]
[EventCountry "AUT"]

1. e4 e6 2. d4 d5 3. Nd2 dxe4 4. Nxe4 Nd7 5. Nf3 Ngf6 6. Nxf6+ Nxf6 7. c3 c5 8.
Ne5 a6 9. Be3 Qc7 10. Qa4+ Nd7 11. O-O-O cxd4 12. Nxd7 Bxd7 13. Qxd4 e5 14. Qb6
Qxb6 15. Bxb6 Rc8 16. Be2 Bc5 17. Bxc5 Rxc5 18. Rhe1 Ke7 19. f4 Bc6 20. Bf1 e4
21. b4 Rh5 22. h3 f5 23. c4 Rh4 24. g3 Rh6 25. g4 Rf8 26. b5 axb5 27. cxb5 Bd7
28. Bg2 Re6 29. gxf5 Rxf5 30. Bxe4 Rxf4 31. Bxb7 1/2-1/2

[Event "7th EuropCh Men"]
[Site "Kusadasi / Turkey"]
[Date "2006.04.08"]
[Round "5"]
[White "Cvitan, Ognjen"]
[Black "Arlandi, Ennio"]
[Result "1-0"]
[WhiteElo "2527"]
[BlackElo "2453"]
[PlyCount "125"]
[EventDate "2006.04.04"]
[EventRounds "11"]
[EventCountry "AUT"]

1. c4 e5 2. Nc3 Nf6 3. a3 d5 4. cxd5 Nxd5 5. Nf3 Nc6 6. d3 Be7 7. e3 O-O 8. Be2
a5 9. Qc2 Kh8 10. O-O f5 11. Re1 Be6 12. Bd2 Bf6 13. Na4 g5 14. Bc1 g4 15. Nd2
Qe8 16. b3 Rd8 17. Bb2 Bg7 18. Bf1 Qh5 19. Nc5 Bc8 20. e4 Nf4 21. exf5 Rd6 22.
Nce4 Rh6 23. h3 Qxf5 24. Qd1 gxh3 25. g3 h2+ 26. Kh1 Qg6 27. Rc1 Bg4 28. f3 Bf5
29. Rc2 Rd8 30. Re3 Nd4 31. Rxc7 Nd5 32. Rxg7 Qxg7 33. Re1 Rf8 34. Bg2 Rg6 35.
Nc4 Bxe4 36. Nxe5 Qxe5 37. dxe4 Qxg3 38. Qxd4+ Nf6 39. Re2 Rg7 40. Qe5 Qxe5 41.
Bxe5 Rd7 42. Rc2 Kg7 43. Kxh2 Rfd8 44. Rc5 Kf7 45. Bf1 Rd2+ 46. Kg3 Nd7 47.
Bc4+ Kg6 48. Rxa5 Nxe5 49. Rxe5 R8d7 50. Rb5 R2d6 51. e5 Ra6 52. a4 Rg7 53. f4
h5 54. Kf3 h4 55. Rd5 Rc6 56. Rd8 Rgc7 57. Rh8 Rxc4 58. bxc4 Rxc4 59. Rxh4 Kf5
60. Rh5+ Kg6 61. Rg5+ Kf7 62. Rf5+ Ke7 63. Rh5 1-0

[Event "7th EuropCh Men"]
[Site "Kusadasi / Turkey"]
[Date "2006.04.08"]
[Round "5"]
[White "Brkic, Ante"]
[Black "Steingrimsson, Hedinn"]
[Result "1-0"]
[WhiteElo "2526"]
[BlackElo "2447"]
[PlyCount "61"]
[EventDate "2006.04.04"]
[EventRounds "11"]
[EventCountry "AUT"]

1. e4 e5 2. Nf3 Nf6 3. Nxe5 d6 4. Nf3 Nxe4 5. d4 d5 6. Bd3 Nc6 7. O-O Be7 8. c4
Nb4 9. cxd5 Nxd3 10. Qxd3 Qxd5 11. Re1 Bf5 12. Ne5 O-O-O 13. Qf3 g6 14. g4 Bh4
15. Nc3 Nxc3 16. bxc3 Be6 17. g5 Rhe8 18. c4 Qxd4 19. Rb1 Bd5 20. cxd5 Rxe5 21.
Rxe5 Qxe5 22. d6 c6 23. Qxf7 Rd7 24. Qf8+ Rd8 25. d7+ Kc7 26. Qf4 Qxf4 27.
Bxf4+ Kxd7 28. Rxb7+ Ke6 29. Rxh7 Rd4 30. Rxh4 c5 31. Bg3 1-0

[Event "7th EuropCh Men"]
[Site "Kusadasi / Turkey"]
[Date "2006.04.08"]
[Round "5"]
[White "Heberla, Bartolomiej"]
[Black "Duman, Aydin"]
[Result "1-0"]
[WhiteElo "2497"]
[BlackElo "2214"]
[PlyCount "31"]
[EventDate "2006.04.04"]
[EventRounds "11"]
[EventCountry "AUT"]

1. e4 c5 2. Nc3 d6 3. Nf3 g6 4. d4 cxd4 5. Qxd4 Nf6 6. e5 dxe5 7. Qxd8+ Kxd8 8.
Nxe5 Be6 9. Bg5 Nfd7 10. O-O-O Bg7 11. Nxd7 Nxd7 12. Nd5 Re8 13. Bb5 Rc8 14.
Rhe1 Rc5 15. Bxd7 Bxd7 16. Rxe7 1-0

[Event "7th EuropCh Men"]
[Site "Kusadasi / Turkey"]
[Date "2006.04.08"]
[Round "5"]
[White "Safarli, Eltaj"]
[Black "Blatny, Pavel"]
[Result "1/2-1/2"]
[WhiteElo "2417"]
[BlackElo "2495"]
[PlyCount "91"]
[EventDate "2006.04.04"]
[EventRounds "11"]
[EventCountry "AUT"]

1. e4 b6 2. d4 Bb7 3. Bd3 g6 4. Nf3 Bg7 5. c4 d6 6. Nc3 Nd7 7. Be3 e5 8. Qd2 h6
9. Rc1 exd4 10. Bxd4 Ne5 11. Nxe5 dxe5 12. Be3 c5 13. Nd5 Ne7 14. b4 f5 15. f3
cxb4 16. Qxb4 Nc6 17. Qa3 f4 18. Bf2 Bf8 19. Qb2 Ba6 20. O-O Kf7 21. c5 Bxd3
22. Rfd1 bxc5 23. Qb7+ Ne7 24. Rxd3 Qc8 25. Qb2 Nc6 26. Nxf4 Rb8 27. Rb3 Bd6
28. Nd3 Nd4 29. Bxd4 exd4 30. Qa3 Qc7 31. e5 Be7 32. Qa6 Rb6 33. Qc4+ Kg7 34.
Qxd4 Rd8 35. Qe4 Rxb3 36. axb3 Qb6 37. Nf4 Rd4 38. Qe3 Rxf4 39. Qxf4 Bg5 40.
Qg4 Be3+ 41. Kh1 Bxc1 42. Qd7+ Kh8 43. e6 Qa5 44. Qe8+ Kg7 45. Qf7+ Kh8 46.
Qf8+ 1/2-1/2

[Event "7th EuropCh Men"]
[Site "Kusadasi / Turkey"]
[Date "2006.04.08"]
[Round "5"]
[White "Almond, Richard"]
[Black "Itkis, Boris"]
[Result "0-1"]
[WhiteElo "2093"]
[BlackElo "2490"]
[PlyCount "108"]
[EventDate "2006.04.04"]
[EventRounds "11"]
[EventCountry "AUT"]

1. d4 Nf6 2. c4 g6 3. Nc3 Bg7 4. e4 d6 5. Nf3 O-O 6. Be2 Nbd7 7. O-O e5 8. Qc2
c6 9. Rd1 Qe7 10. d5 c5 11. a3 Kh8 12. b4 Ng8 13. Bd3 Bh6 14. Rb1 b6 15. Na4
Bxc1 16. Rdxc1 Ngf6 17. Rb2 Nh5 18. bxc5 bxc5 19. Rcb1 f5 20. Rb8 Rxb8 21. Rxb8
Nf4 22. Nc3 Nf6 23. Nd2 Nxd3 24. Qxd3 Qc7 25. Qb1 Qa5 26. Rb3 fxe4 27. Ncxe4
Nxe4 28. Nxe4 Bf5 29. h3 Bxe4 30. Qxe4 Qd2 31. Qe3 Qd1+ 32. Kh2 Qc2 33. Rb7
Qxc4 34. Rxa7 Qxd5 35. Rc7 Rf7 36. Rc8+ Kg7 37. Kh1 c4 38. a4 Qd1+ 39. Kh2 Qxa4
40. Qc3 Qa2 41. Qxc4 Qxf2 42. Qd5 Qd4 43. Qb5 Qf4+ 44. Kg1 Ra7 45. Qb2 d5 46.
Rc1 Rf7 47. Kh1 d4 48. Re1 Qg3 49. Qe2 d3 50. Qe4 d2 51. Rd1 Rd7 52. Kg1 Qc3
53. Kh1 Qd4 54. Qc2 e4 0-1

[Event "7th EuropCh Men"]
[Site "Kusadasi / Turkey"]
[Date "2006.04.08"]
[Round "5"]
[White "Aleskerov, Faik"]
[Black "Iskusnyh, Sergei"]
[Result "0-1"]
[WhiteElo "2325"]
[BlackElo "2510"]
[PlyCount "54"]
[EventDate "2006.04.04"]
[EventRounds "11"]
[EventCountry "AUT"]

1. e4 c5 2. a3 g6 3. h4 h5 4. Bc4 Bg7 5. Nf3 Nc6 6. c3 Nf6 7. e5 Ng4 8. d4 d5
9. exd6 Qxd6 10. Ng5 O-O 11. Ne4 Qc7 12. dxc5 Nce5 13. Be2 Bf5 14. Qa4 b5 15.
cxb6 axb6 16. Qc2 Rad8 17. Nbd2 Qc6 18. O-O Bh6 19. f3 Ne3 20. Qb3 Nxf1 21.
Bxf1 Bxd2 22. Nxd2 Qc5+ 23. Kh1 Qf2 24. Qb5 Nd3 25. Bxd3 Rxd3 26. Qb4 Re3 27.
Qd4 Bh3 0-1

[Event "7th EuropCh Men"]
[Site "Kusadasi / Turkey"]
[Date "2006.04.08"]
[Round "5"]
[White "Kosintseva, Tatiana"]
[Black "Ziska, Helgi Dam"]
[Result "1-0"]
[WhiteElo "2489"]
[BlackElo "2306"]
[PlyCount "71"]
[EventDate "2006.04.04"]
[EventRounds "11"]
[EventCountry "AUT"]

1. e4 c5 2. Nf3 d6 3. d4 cxd4 4. Nxd4 Nf6 5. Nc3 a6 6. Be3 e6 7. g4 h5 8. g5
Ng4 9. Bc1 Qb6 10. h3 Ne5 11. Be2 g6 12. Nb3 Qc7 13. f4 Nec6 14. Be3 b5 15. a3
Nd7 16. Qd2 Bb7 17. O-O-O Nc5 18. Nxc5 dxc5 19. Bxb5 axb5 20. Nxb5 Qc8 21. Qc3
Rh7 22. Bxc5 Na5 23. Bxf8 Kxf8 24. Nc7 Rb8 25. Qxa5 Bxe4 26. Rh2 Bf5 27. Rhd2
Kg8 28. Ne8 Qxe8 29. Rd8 Rxd8 30. Rxd8 Qxd8 31. Qxd8+ Kg7 32. Qd4+ Kg8 33. a4
h4 34. Qd8+ Kg7 35. Qd4+ Kg8 36. Qf2 1-0

[Event "7th EuropCh Men"]
[Site "Kusadasi / Turkey"]
[Date "2006.04.08"]
[Round "5"]
[White "Soltanici, Ruslan"]
[Black "Zueger, Beat"]
[Result "0-1"]
[WhiteElo "2323"]
[BlackElo "2433"]
[PlyCount "70"]
[EventDate "2006.04.04"]
[EventRounds "11"]
[EventCountry "AUT"]

1. e4 e6 2. d4 d5 3. Nd2 Nf6 4. e5 Nfd7 5. f4 c5 6. c3 Nc6 7. Ndf3 cxd4 8. cxd4
f5 9. Bd3 Nb6 10. Ne2 Be7 11. Rg1 Bd7 12. Nc3 O-O 13. Be3 Be8 14. h3 Nb4 15.
Bb1 Nc4 16. Qe2 Bh5 17. g4 Bg6 18. Kf2 Rc8 19. a3 Nc6 20. Rg2 Qb6 21. Kg3 N6a5
22. Bd3 Nxb2 23. Nxd5 exd5 24. Bxf5 Bxf5 25. gxf5 Nbc4 26. f6 gxf6 27. Kh2+ Kh8
28. Rag1 Nxe3 29. Qxe3 Rg8 30. Nh4 fxe5 31. Qxe5+ Qf6 32. Nf5 Rxg2+ 33. Rxg2
Nc6 34. Qxd5 Rd8 35. Nxe7 Qxe7 0-1

[Event "7th EuropCh Men"]
[Site "Kusadasi / Turkey"]
[Date "2006.04.08"]
[Round "5"]
[White "Kurmann, Oliver"]
[Black "Atakisi, Umut"]
[Result "1/2-1/2"]
[WhiteElo "2297"]
[BlackElo "2429"]
[PlyCount "96"]
[EventDate "2006.04.04"]
[EventRounds "11"]
[EventCountry "AUT"]

1. e4 c5 2. Nf3 Nc6 3. Nc3 d6 4. d4 cxd4 5. Nxd4 Nf6 6. f3 e5 7. Nb3 Be7 8. Be3
Be6 9. Nd5 Bxd5 10. exd5 Nb4 11. c4 a5 12. Qd2 b6 13. Be2 O-O 14. O-O Na6 15.
Nc1 Nd7 16. Bd3 f5 17. Ne2 g6 18. Bc2 Nac5 19. Nc3 Bf6 20. Rab1 Qe7 21. b3 Rfc8
22. Rfc1 e4 23. f4 Na6 24. Nb5 Nb4 25. a3 Nxc2 26. Rxc2 Nc5 27. b4 axb4 28.
axb4 Nd3 29. Bxb6 Qb7 30. Qe3 Qd7 31. Bd4 Bd8 32. g4 Rxc4 33. Rxc4 Qxb5 34. Rc3
Bh4 35. Rc2 Qxd5 36. Ra1 Rxa1+ 37. Bxa1 Nxb4 38. Rd2 Nd3 39. Rc2 Nb4 40. Rc1
Nd3 41. Rc8+ Kf7 42. Qa7+ Be7 43. Qd7 Ne5 44. Bxe5 Qd1+ 45. Kf2 Qd2+ 46. Kf1
Qd1+ 47. Kf2 Qd2+ 48. Kf1 Qd1+ 1/2-1/2

[Event "7th EuropCh Men"]
[Site "Kusadasi / Turkey"]
[Date "2006.04.08"]
[Round "5"]
[White "Saric, Ivan"]
[Black "Makoli, Perparim"]
[Result "1/2-1/2"]
[WhiteElo "2393"]
[BlackElo "2251"]
[PlyCount "94"]
[EventDate "2006.04.04"]
[EventRounds "11"]
[EventCountry "AUT"]

1. e4 c5 2. Nf3 e6 3. d4 cxd4 4. Nxd4 a6 5. Nc3 Qc7 6. Be2 Nf6 7. O-O Be7 8. f4
d6 9. Kh1 O-O 10. Be3 Nc6 11. a4 Nxd4 12. Bxd4 e5 13. Bg1 exf4 14. a5 Be6 15.
Bb6 Qc8 16. Rxf4 Nd7 17. Bd4 Ne5 18. Na4 Qc6 19. Nb6 Rad8 20. Bd3 Bg5 21. Rf1
Bh6 22. Ra3 Qe8 23. c4 Bg4 24. Be2 Bxe2 25. Qxe2 Nc6 26. Qd3 Qe6 27. Nd5 Ne5
28. Bxe5 Qxe5 29. Rb3 Rb8 30. Rf5 Qe6 31. h3 Rfc8 32. Rb6 Rd8 33. c5 g6 34. Rf6
Qe5 35. Rfxd6 Rxd6 36. cxd6 Rd8 37. Qc3 Bg7 38. Qxe5 Bxe5 39. Rxb7 Rxd6 40. Rb6
Rd8 41. b4 f5 42. g4 fxe4 43. Nf6+ Bxf6 44. Rxf6 Rd4 45. Rb6 g5 46. Rb7 e3 47.
Kg2 Rf4 1/2-1/2

[Event "7th EuropCh Men"]
[Site "Kusadasi / Turkey"]
[Date "2006.04.08"]
[Round "5"]
[White "Yeke, Serkan"]
[Black "Vuilleumier, Alex"]
[Result "1/2-1/2"]
[WhiteElo "2255"]
[BlackElo "2354"]
[PlyCount "83"]
[EventDate "2006.04.04"]
[EventRounds "11"]
[EventCountry "AUT"]

1. Nf3 g6 2. e4 Bg7 3. d4 c5 4. d5 d6 5. Bb5+ Bd7 6. a4 Nf6 7. Nc3 O-O 8. h3 e6
9. O-O exd5 10. exd5 Na6 11. Re1 Bxb5 12. Nxb5 Nc7 13. Bf4 Nxb5 14. axb5 Nh5
15. Bg5 Qb6 16. g4 Nf6 17. Qd3 a6 18. bxa6 bxa6 19. Nd2 Qxb2 20. Nc4 Qd4 21.
Rad1 Qxd3 22. Rxd3 Rfe8 23. Rb1 Ne4 24. Be3 a5 25. f3 Nc3 26. Rb3 Ne2+ 27. Kf1
Nd4 28. Bxd4 Bxd4 29. Nxd6 a4 30. Ra3 Reb8 31. c3 Be5 32. Nc4 Bf4 33. Rd1 Rd8
34. Nb6 Ra6 35. Rxa4 Rxb6 36. Rxf4 Rb2 37. d6 Kg7 38. Rc4 Ra8 39. g5 Raa2 40.
d7 Rf2+ 41. Kg1 Rg2+ 42. Kh1 1/2-1/2

[Event "7th EuropCh Men"]
[Site "Kusadasi / Turkey"]
[Date "2006.04.08"]
[Round "5"]
[White "De Lange, Hans"]
[Black "Erdogdu, Mert"]
[Result "0-1"]
[WhiteElo "1901"]
[BlackElo "2373"]
[PlyCount "132"]
[EventDate "2006.04.04"]
[EventRounds "11"]
[EventCountry "AUT"]

1. e4 c5 2. Nf3 d6 3. c3 Nf6 4. Bd3 Nc6 5. h3 e5 6. Bc2 g6 7. d4 cxd4 8. cxd4
exd4 9. Nxd4 Bg7 10. O-O O-O 11. Nf3 Re8 12. Re1 d5 13. e5 Ne4 14. Bb3 Be6 15.
Nc3 Nxc3 16. bxc3 Qa5 17. Bd2 Qc5 18. Rc1 h6 19. Be3 Qa5 20. Qd2 Kh7 21. Bd4
Bf5 22. Qf4 Rac8 23. Rcd1 Qb5 24. g4 Be6 25. h4 Qa5 26. Kg2 Nxd4 27. cxd4 Rc3
28. g5 h5 29. Qd2 Rec8 30. Re3 Qc7 31. Rxc3 Qxc3 32. Qxc3 Rxc3 33. Ng1 Bf8 34.
f3 Ba3 35. Ne2 Rc7 36. Nf4 Rd7 37. Rd2 Bc1 38. Nxe6 fxe6 39. Rd3 Rc7 40. Rd1 b5
41. a4 b4 42. Kf2 Rc3 43. Ke2 Bb2 44. Rd3 Rc8 45. Kf2 a5 46. Ke2 Kg7 47. Kf2
Rc1 48. Bd1 Bc3 49. Ke2 Rb1 50. Ke3 Rb2 51. Kf4 Rg2 52. Ke3 Rh2 53. Kf4 Rxh4+
54. Ke3 Rh2 55. f4 Bb2 56. Be2 Bc1+ 57. Kf3 Rh3+ 58. Kf2 Rxd3 59. Bxd3 Bxf4 60.
Be2 b3 61. Bd3 Bxg5 62. Kf3 Bc1 63. Bb1 g5 64. Bd3 g4+ 65. Kg3 Kh6 66. Bb1 Kg5
0-1

[Event "7th EuropCh Men"]
[Site "Kusadasi / Turkey"]
[Date "2006.04.09"]
[Round "6"]
[White "Anastasian, Ashot"]
[Black "Georgiev, Kiril"]
[Result "1/2-1/2"]
[WhiteElo "2553"]
[BlackElo "2677"]
[PlyCount "60"]
[EventDate "2006.04.04"]
[EventRounds "11"]
[EventCountry "AUT"]

1. c4 e5 2. Nc3 Nf6 3. g3 d5 4. cxd5 Nxd5 5. Bg2 Nb6 6. Nf3 Nc6 7. O-O Be7 8.
d3 O-O 9. Be3 Be6 10. Qd2 f6 11. Rfc1 Nd5 12. Nxd5 Bxd5 13. Bc5 a5 14. Qe3 b6
15. Bxe7 Nxe7 16. d4 e4 17. Nd2 f5 18. Qc3 c6 19. a4 Kh8 20. e3 Bg8 21. Bf1 Rf6
22. Bc4 Bxc4 23. Nxc4 Nd5 24. Qb3 Nb4 25. Ne5 Qe8 26. f4 exf3 27. Rf1 c5 28.
Rxf3 Rd8 29. Raf1 g6 30. Qc3 Nd5 1/2-1/2

[Event "7th EuropCh Men"]
[Site "Kusadasi / Turkey"]
[Date "2006.04.09"]
[Round "6"]
[White "Kozul, Zdenko"]
[Black "Berescu, Alin"]
[Result "1-0"]
[WhiteElo "2606"]
[BlackElo "2461"]
[PlyCount "89"]
[EventDate "2006.04.04"]
[EventRounds "11"]
[EventCountry "AUT"]

1. d4 Nf6 2. Nf3 e6 3. c4 Bb4+ 4. Nbd2 b6 5. a3 Bxd2+ 6. Qxd2 Bb7 7. e3 d6 8.
Be2 Nbd7 9. O-O O-O 10. b4 Ne4 11. Qd3 f5 12. Nd2 Qh4 13. f3 Ng5 14. f4 Ne4 15.
d5 Qf6 16. Nxe4 fxe4 17. Qd2 exd5 18. Bb2 Qf7 19. cxd5 Bxd5 20. Rac1 c6 21.
Rfd1 Rad8 22. h3 Kh8 23. Ba1 h6 24. Qc3 Nf6 25. Qe1 b5 26. Qh4 Bc4 27. Bxc4
bxc4 28. Bxf6 Qxf6 29. Qxf6 Rxf6 30. Rxc4 d5 31. Rxe4 Ra8 32. Re5 Kg8 33. Kf2
Rb8 34. Rd4 Kf7 35. Kf3 Re6 36. Rf5+ Kg6 37. g4 Rbe8 38. Rd3 a6 39. h4 Kh7 40.
Rc3 Kg8 41. h5 Rd6 42. Re5 Kf7 43. Rxe8 Kxe8 44. Rc5 d4 45. exd4 1-0

[Event "7th EuropCh Men"]
[Site "Kusadasi / Turkey"]
[Date "2006.04.09"]
[Round "6"]
[White "Izoria, Zviad"]
[Black "Macieja, Bartlomiej"]
[Result "1/2-1/2"]
[WhiteElo "2647"]
[BlackElo "2584"]
[PlyCount "62"]
[EventDate "2006.04.04"]
[EventRounds "11"]
[EventCountry "AUT"]

1. e4 c6 2. d4 d5 3. e5 Bf5 4. Nf3 e6 5. Be2 Nd7 6. O-O Bg6 7. Nbd2 Rc8 8. Nb3
Be7 9. Bd2 h5 10. Na5 b6 11. Nb3 h4 12. c4 Nh6 13. cxd5 cxd5 14. Bxh6 gxh6 15.
Rc1 O-O 16. Qd2 Kg7 17. Rxc8 Qxc8 18. Rc1 Qb7 19. Qc3 Rb8 20. Qc7 Bd8 21. Qxb7
Rxb7 22. Bb5 Nf8 23. Rc8 Bg5 24. Nxg5 hxg5 25. f3 Bh7 26. Ba6 Rd7 27. Bb5 Rb7
28. Nd2 Ng6 29. Bc6 Re7 30. g3 f6 31. exf6+ Kxf6 1/2-1/2